000 00806nas a2200289 4500
001 BR9705031
003 BR-BrBNA
005 20231205100604.0
007 ta
008 230509b bl.|||p| |||| 00| 00por d
040 _aBR-BrBNA
_bpor
_cBiblioteca Nacional de Agricultura
041 _a(Pt)
072 _aL73
100 1 _aPrestes, N.C.
100 1 _aMuniz, L.M.R.
100 1 _aCastro, G.B. de
100 1 _aFabris, T.E.
100 1 _aOba, E.
245 1 _aTumor das celulas da granulosa em ovario de cadela associado a piometra
650 _aCao
650 _aTumor
650 _aCelula Animal
650 _aOvario
773 0 _tVeterinaria Noticias (Brazil)
_xISSN 0104-3463
_g(1997), v. 3(1) p. 143-145
_wBR9705031
909 _a202311
_bLúcia
_c55
_dLúcia Elande
942 _2AGRIS
_n0
_cANA
999 _c156861
_d156861